000
00349nam a2200169Ia 4500
100
_a
Sukh/Shammi
650
_a
Philosophy
942
_c
BK
366
_f
25
654
_a
Borm to rise
245
_a
Born to Rise
260
_b
Better Yourself Books
_a
Bandra
_c
2003
082
_a
170/SUK
_b
SUK
300
_a
64
546
_a
ENGLISH
999
_c
21829
_d
21829